000 00706nam a2200241 i 4500
001 bg
245 0 _aProcessing of crystalline ceramics /
_ced. by Hayne Palmour III, R. F. Davis and T. M. Hare.
260 _aNew York :
_bPlenum Press,
_c1976.
490 1 _aMaterials Science Research ;
_vVol. 11
650 9 _aCeramika
655 _aMateriaƂy konferencyjne
700 1 _aPalmour, Hayne
700 1 _aFoster, Davis Robert
_d(1942- )
700 1 _aHare, Thomas M.
_d(1943- )
830 _aMaterials Science Research ;
020 _a0306400359
040 _cBPK
041 _apol
080 _a666(061)
920 _a0-306-40035-9
942 _cKS
008 s pl f |000 0 pol
999 _c18617
_d18617
856 _uhttp://koha.tu.koszalin.pl/cgi-bin/koha/opac-detail.pl?biblionumber=18617
_yKatalog online BPK